000 00637nam a2200253Ia 4500
003 OSt
005 20220912151945.0
006 a|||||r|||| 00| 0
007 ta
008 220909b |||||||| |||| 00| 0 eng d
024 _a63825
037 _cTextual
040 _aCSL
_beng
_cCSL
041 _aeng
082 _aB12:R1, J8;1
100 _aFraenkel Abraham A
245 0 _aFoundations of set theory
260 _c1958
300 _ap.
_ccm.
650 _aArithemtics
700 _a Bar-Hillel Yehoshua
942 _hB12:R1, J8;1
_cTEXL
_2CC
999 _c78023
_d78023